| LEADER |
00818nam0a2200193 450 |
| 001 |
16842766 |
| 010 |
|
|
|a 9782874265242
|d 15
|
| 100 |
|
|
|a 20230517d2023 u u0frey01 ba
|
| 101 |
0 |
|
|a fre
|
| 102 |
|
|
|a BE
|
| 200 |
0 |
|
|a sauté de lapin (Le)
|f Jérôme Camil
|
| 207 |
|
1 |
|a
|
| 210 |
|
|
|a Bruxelles
|c Alice jeunesse
|d 2023
|
| 215 |
|
|
|a 1 vol. (38 p.)
|c ill. en coul.
|d 30 cm
|
| 330 |
|
|
|a Sauté de lapin chasseur. Verser un filet d'huile d'olive au fond d'un chaudron. Faire revenir les champignons coupés en lamelles à feu vif, puis les oignons finement hachés. Ajouter ensuite les tomates, et deux belles cuisses de lap- Biiip !
|
| 700 |
|
0 |
|a Camil
|b Jérôme
|f 1973-....
|4 70
|
| 900 |
|
|
|a Album
|
| 901 |
|
|
|a Accessible au prêt
|
| 995 |
|
|
|a Bibliothèque
|c Bibliothèque
|f 024023836
|h 024023836
|k A CAM
|o p
|q j
|r az
|e Bibliothèque
|